Dream Worlds: Production design in Animation.
Guardat en:
| Autor principal: | |
|---|---|
| Format: | Llibre |
| Idioma: | espanyol |
| Publicat: |
Oxfordshire, England; New York, United States of America:
CRC Press; Taylor & Francis Group,
2019.
|
| Matèries: | |
| Etiquetes: |
Afegir etiqueta
Sense etiquetes, Sigues el primer a etiquetar aquest registre!
|
MARC
| LEADER | 00000nam a22000007a 4500 | ||
|---|---|---|---|
| 003 | CL-VaPUC | ||
| 005 | 20250407202434.0 | ||
| 008 | 250122t2019 ||||| |||| 00| 0 spa d | ||
| 999 | |c 446740 |d 446738 | ||
| 020 | |a 978-0-240-52093-3 | ||
| 040 | |c Pontificia Universidad Católica de Valparaíso | ||
| 082 | |2 22 |a 791.4334 HAN 2019 | ||
| 100 | |9 895728 |a Bacher, Hans |e author | ||
| 245 | |a Dream Worlds: |b Production design in Animation. | ||
| 260 | |a Oxfordshire, England; |a New York, United States of America: |b CRC Press; |b Taylor & Francis Group, |c 2019. | ||
| 300 | |a 208 páginas: |b ilustraciones. | ||
| 500 | |a c.1-c.2. Instituto Arcos. 08-01-2025 | ||
| 583 | |c 20250122 |k Yessy Sthefany Diaz Vidal | ||
| 650 | 0 | |9 399363 |a Animación |x Caricaturas, historietas, etc. |v Ilustraciones | |
| 650 | 0 | |9 341013 |a Dibujos animados |x Películas estadounidenses |x Disney | |
| 942 | |2 ddc |c BK |n 0 | ||
| 952 | |0 0 |1 0 |2 ddc |4 0 |6 791_433400000000000_HAN_2019 |7 0 |8 A |9 599749 |a BIBINC |b BIBINC |d 2025-01-22 |e Instituto Arcos |i 5664515 |o 791.4334 HAN 2019 |p 5664515 |r 2025-01-22 |t 1 |w 2025-01-22 |y BK |k IFP | ||
| 952 | |0 0 |1 0 |2 ddc |4 0 |6 791_433400000000000_HAN_2019 |7 0 |8 A |9 601329 |a BIBINC |b BIBINC |d 2025-03-17 |e Instituto Arcos |i 5666171 |l 1 |o 791.4334 HAN 2019 |p 5666171 |r 2025-04-15 |s 2025-04-07 |t 2 |w 2025-03-17 |y BK |k IFP | ||